00421nam a22001457a 450000500170000000800410001702000170005804100120007508200130008710000120010024500670011226000460017930000250022565000250025020240821091209.0240821b |||||||| |||| 00| 0 eng d a978148510951 aEnglish a349 LAW  lEnglish aJuta's Index and Annotations to the South African Law Reports  aCape Town: bJuta and Company Ltd, c2015 b174 pages; c25 cm.  aLegal practice bLaw